Tuyển tập truyện ngắn Việt Nam chọn lọc Trọn bộ 8 tập T.1=01/ Lý Tế Xuyên, Lê Trừng, Vũ Quỳnh

Kaydedildi:
Detaylı Bibliyografya
Yazar: Lý Tế Xuyên
Diğer Yazarlar: Lê Trừng (Tác giả), Vũ Quỳnh (Tác giả), Nguyễn Dữ (Tác giả)
Materyal Türü: Kitap
Dil:Vietnamese
Baskı/Yayın Bilgisi: H. Văn học 1998
Konular:
Etiketler: Etiketle
Etiket eklenmemiş, İlk siz ekleyin!
Thư viện lưu trữ: Mạng thư viện Đại học Đà Nẵng
LEADER 01391nam a2200397 4500
001 000005555
003 1700
005 20110818150837.0
008 110817s1998 viesd
020 |c 30000đ 
041 0 |a vie 
082 |a 895.9223  |b TUY 
100 0 |a Lý Tế Xuyên 
245 1 0 |a Tuyển tập truyện ngắn Việt Nam chọn lọc  |b Trọn bộ 8 tập  |c Lữ Huy Nguyên, Chu Giang b.s  |n T.1=01/ Lý Tế Xuyên, Lê Trừng, Vũ Quỳnh 
260 |a H.  |b Văn học  |c 1998 
300 |a 405 tr.  |c 19 cm. 
653 |a Văn học trung đại 
653 |a Tuyển tập 
653 |a Văn học cận đại 
653 |a Việt Nam 
653 |a Truyện ngắn 
700 |a Lê Trừng  |e Tác giả 
700 |a Vũ Quỳnh  |e Tác giả 
700 |a Nguyễn Dữ  |e Tác giả 
773 |t Tuyển tập truyện ngắn Việt Nam  |w 1696 
910 |a Huỳnh Thị Cẩm Lai  |d 17/08/2011 
OWN |a LSP 
AVA |a UDN50  |b LSP  |d 895.9223 TUY  |e available  |t Error 5001 Not defined in file expand_doc_bib_avail.  |f 4  |g 0  |h N  |i 0  |k 1 
999 |a From the UDN01 
AVA |a UDN50  |b LSP  |d 895.9223 TUY  |e available  |t Error 5001 Not defined in file expand_doc_bib_avail.  |f 4  |g 0  |h N  |i 0  |k 1 
TYP |a Monograph 
TYP |a Printed language 
980 |a Mạng thư viện Đại học Đà Nẵng